| 000 | 00690nam a2200217 a 4500 | ||
|---|---|---|---|
| 005 | 20231024063626.0 | ||
| 008 | 991125s1961 mx 000 0 spa u | ||
| 035 | _aUPN01000004437 | ||
| 049 | _aLT | ||
| 050 | 4 |
_aLB1589 M6.5 _bG6.2 1961 |
|
| 100 | 1 | _aGómez, Angeles | |
| 245 | 1 | 0 |
_aAritmética y geometría quinto año / _cAngeles Gómez, Marcelo Santaló. |
| 250 | _a5a ed. | ||
| 260 |
_aMéxico : _bAvante, _c1961. |
||
| 300 |
_a237 p. : _bil. |
||
| 650 | 4 |
_aAritmética _xEstudio y enseñanza (Elemental) _95289 |
|
| 650 | 4 |
_aGeometría _xEstudio y enseñanza (Elemental) _94869 |
|
| 700 | 1 |
_aSantaló Sors, Marcelo, _d1905-1994 _ecoaut. _929951 |
|
| 905 | _aLibro | ||
| 999 |
_c4437 _d4437 |
||